Anime General Knowledge Quiz - Statistics

General Stats
  • This quiz has been taken 182 times
  • The average score is 10 of 25
Answer Stats
Hint Answer % Correct
Youngest of the Four Emperors in One Piece Shanks
84%
Izuku Midoriya's hero name Deku
81%
Pirate who found the One Piece Gol D Roger
73%
Japan's #2 hero in My Hero Academia Endeavor | Hawks
62%
The name of the Chimera Ant King in Hunter x Hunter Meruem
60%
The Third Hokage in Naruto Sarutobi Hiruzen
57%
Family that JoJo's Bizarre Adventure follows Joestar
55%
The name of the island that Attack on Titan centers around Paradis
53%
The only member of the Konoha 11 to die in Naruto Hyuga Neji
52%
Ancestor of all Eldians in Attack on Titan Ymir
44%
Highest rank of cursed spirits or Jujutsu sorcerers in Jujutsu Kaisen Special Grade
43%
What universe does most of the Dragon Ball franchize take place in Universe 7
41%
Evil spirits in Bleach Hollows
38%
Most prominent villain in Jujutsu Kaisen Kenjaku
38%
Son Goku's mentor in Dragon Ball and Dragon Ball Z Roshi
36%
Country that appears most frequently in JoJo's Bizarre Adventure Italy
35%
The Third Children in Neon Genesis Evangelion Ikari Shinji
23%
Killua Zoldyck's father in Hunter x Hunter Silva
23%
Canine companion of Spike Spiegel in Cowboy Bebop Ein
13%
Government agency that the plot of Neon Genesis Evangelion centers around NERV
13%
The model of car Takumi Fujiwara drives in Initial D Toyota AE86
8%
Farm owner who purchases Thorfinn and Einar in Vinland Saga Ketil
6%
Real life explorer who inspired the story of Vinland Saga Thorfinn Karlsefni
4%
Main villain of Cowboy Bebop Vicious
4%
The meaning of the initial, D in Initial D Dream
3%
No matching quizzes found
Score Distribution
Percent of People with Each Score
Percentile by Number Answered
Your Score History
You have not taken this quiz